[Event "Hamilton Waikato op"]
[Site "Hamilton"]
[Date "2017.08.13"]
[Round "5"]
[White "Dare, Richard"]
[Black "Polishchuk, Kirill"]
[Result "1/2-1/2"]
[WhiteElo "1890"]
[BlackElo "2132"]
[PlyCount "127"]
[EventDate "2017.08.11"]
[EventType "swiss"]
[EventRounds "6"]
[EventCountry "NZL"]
[SourceTitle "CBM 180 Extra"]
[Source "ChessBase"]
[SourceDate "2017.10.06"]
[SourceVersion "1"]
[SourceVersionDate "2017.10.06"]
[SourceQuality "1"]

1. e4 Nc6 2. Nc3 e6 3. Nf3 d5 4. d4 Nf6 5. e5 Ne4 6. Bd3 Bb4 7. Bd2 Nxd2 8. Qxd2 Ne7 9. a3 Bxc3 10. Qxc3 Ng6 11. g3 Bd7 12. h4 Rc8 13. b4 a6 14. a4 a5 15. 0-0 axb4 16. Qxb4 b6 17. Rfb1 Qe7 18. c3 0-0 19. Bxg6 Qxb4 20. Bxh7+ Kxh7 21. cxb4 Ra8 22. a5 Bb5 23. Rc1 c6 24. axb6 Rab8 25. Ra7 Rxb6 26. Rca1 Bd3 27. R1a3 Bf5 28. Ng5+ Kg6 29. R3a4 f6 30. Nf3 Bc2 31. R4a6 Rxb4 32. Rxc6 Rb1+ 33. Kg2 Be4 34. Ra3 Rfb8 35. exf6 gxf6 36. g4 R8b3 37. Rc3 Rxa3 38. Rxa3 Rd1 39. Kg3 Bxf3 40. Rxf3 Rxd4 41. Re3 e5 42. f3 Rd1 43. Kf2 d4 44. Re4 Rd2+ 45. Re2 Rd1 46. Re1 Rd3 47. Ke2 Re3+ 48. Kf2 Ra3 49. Re2 Ra1 50. Re1 Ra5 51. f4 exf4 52. Rd1 Rd5 53. Rd3 f5 54. Kf3 fxg4+ 55. Kxg4 f3 56. Rxf3 d3 57. Rf1 Rd4+ 58. Kf3 Rxh4 59. Ke3 Rh3+ 60. Kd2 Kg5 61. Rf8 Kg4 62. Rd8 Kf4 63. Rxd3 Rxd3+ 64. Kxd3 1/2-1/2

[Event "Hamilton Waikato op"]
[Site "Hamilton"]
[Date "2016.07.30"]
[Round "3"]
[White "Dive, Russell John"]
[Black "Dare, Richard"]
[Result "1-0"]
[WhiteElo "2318"]
[BlackElo "1831"]
[PlyCount "93"]
[EventDate "2016.07.29"]
[EventType "swiss"]
[EventRounds "6"]
[EventCountry "NZL"]
[SourceTitle "EXT 2018"]
[Source "ChessBase"]
[SourceDate "2017.10.13"]
[SourceVersion "1"]
[SourceVersionDate "2017.10.13"]
[SourceQuality "1"]

1. Nf3 d5 2. g3 Nf6 3. Bg2 g6 4. 0-0 Bg7 5. c4 dxc4 6. Na3 0-0 7. Nxc4 c6 8. Qc2 Na6 9. a3 Be6 10. d3 Nd7 11. Bd2 Nc7 12. Rac1 Nb5 13. a4 Nd4 14. Nxd4 Bxd4 15. b4 Nb6 16. Na5 Qd7 17. Nb3 Bxb3 18. Qxb3 Rac8 19. a5 Na8 20. a6 bxa6 21. Qa4 Nb6 22. Qxa6 c5 23. e3 Bg7 24. bxc5 Na4 25. c6 Qg4 26. d4 Nb6 27. Qxa7 Qe2 28. Bb4 Nc4 29. Qa6 Rxc6 30. Bxc6 h5 31. Qxc4 Qg4 32. Bxe7 h4 33. Bxf8 hxg3 34. hxg3 Bxf8 35. Bd5 Bh6 36. Qc8+ Qxc8 37. Rxc8+ Kg7 38. Rc7 Bg5 39. Rxf7+ Kh6 40. Kg2 Bh4 41. Rh1 g5 42. Be4 g4 43. Rxh4+ Kg5 44. Rf5+ Kg6 45. Rxg4+ Kh6 46. Kh3 Kh7 47. Rh5# 1-0